000 00628nam a2200169 a 4500
001 000030817
005 20200930062528.0
008 110530s1991 dr 000 0 spa d
040 _aDO-SdBNP
_bspa
_cBNPHU
082 _axxxx
_bR788q
100 1 _aRosa y Carpio, Ramón de la
_92173
245 1 0 _a¿Quién liberará este pueblo? :
_bpoemas, meditaciones y salmos /
_cRamón de la Rosa y Carpio.
260 _aSanto Domingo :
_bSusaeta Ediciones Dominicanas,
_c1991.
300 _a131 p. ;
_c21 cm.
500 _aIncluye datos biográficos del autor
590 _aPerteneció a la biblioteca personal de Juan Isidro Jimenes Grullón
999 _c30309
_d30309